Movies Quiz

Random Movies or Actress Quiz

Oscar Winning Actress by Real-Life Counterpart (Slides) Quiz Stats

Quiz not verified by Sporcle

Challenge
Share
Tweet
Score 0/23 Timer 10:00
0 Plays Today
% Correct
Meryl Streep (as Margaret Thatcher in 'The Iron Lady')
96.4%
Charlize Theron (as Aileen Wuornos in 'Monster')
93%
Sandra Bullock (as Leigh Anne Tuohy in 'The Blind Side')
92.5%
Helen Mirren (as Queen Elizabeth II in 'The Queen')
92.5%
Hilary Swank (as Brandon Teena in 'Boys Don't Cry')
85.3%
Sissy Spacek (as Loretta Lynn in 'Coal Miner's Daughter')
74.2%
Judi Dench (as Queen Elizabeth in 'Shakespeare in Love'
73.5%
Reese Witherspoon (as June Carter Cash in 'Walk the Line')
69.3%
Marion Cotillard (as Edith Piaf in 'La Vie en Rose')
66%
Nicole Kidman (as Virginia Woolf in 'The Hours')
64.4%
Julia Roberts (as Erin Brockovich in 'Erin Brockovich')
59.4%
Susan Sarandon (as Helen Prejean in 'Dead Man Walking')
54.9%
% Correct
Patty Duke and Anne Bancroft (as Helen Keller and Annie Sullivan in 'The Miracle Worker')
49.2%
Katharine Hepburn (as Eleanor of Aquitane in 'The Lion in Winter')
36.9%
Cate Blanchett (as Katharine Hepburn in 'The Aviator')
34.5%
Barbra Streisand (as Fanny Brice in 'Funny Girl')
25.8%
Susan Hayward (as Barbara Graham in 'I Want to Live!')
20.6%
Maureen Stapleton (as Emma Goldman in 'Reds')
13.4%
Marcia Gay Harden (as Lee Krasner in 'Pollock')
11.6%
Jennifer Connelly (as Alicia Nash in 'A Beautiful Mind')
9.8%
Estelle Parsons (as Blanche Barrow in 'Bonnie and Clyde'
8.2%
Luise Rainer (as Anna Held in 'The Great Ziegfeld')
7.5%
Jennifer Jones (as Bernadette Soubirous in 'Song of Bernadette')
7%

You're not logged in!

Compare scores with friends on all Sporcle quizzes.
Sign Up with Email
OR
Log In

You Might Also Like...

Show Comments

Extras

Top Quizzes Today


Score Distribution

Your Account Isn't Verified!

In order to create a playlist on Sporcle, you need to verify the email address you used during registration. Go to your Sporcle Settings to finish the process.